| 000 | 00952nam a2200265 i 4500 | ||
|---|---|---|---|
| 001 | bg | ||
| 245 | 0 | 0 |
_aSprawie Europejskiej Karty Naukowca : _bkodeks postępowania przy rekrutacji pracowników naukowych. |
| 246 | 1 |
_aEuropejska Karta Naukowca : _bKodeks Postępowania przy rekrutacji pracowników naukowych |
|
| 260 |
_aLuxembourg : _bEuropean Communities, _c2006. |
||
| 300 |
_a60 s. ; _c21 cm. |
||
| 500 | _aNa okł.: Europejska przestrzeń badawcza. Zasoby ludzkie i mobilność. | ||
| 546 | _aTekst również w jęz. ang. | ||
| 650 | 9 |
_aSzkolnictwo wyższe _zkraje Unii Europejskiej. |
|
| 650 | 9 |
_aSzkolnictwo wyższe _zPolska _yod 1989 r. |
|
| 650 | 9 |
_aPracownicy naukowi _xprawo _zkraje Unii Europejskiej _yod 1989 r. |
|
| 020 | _a928949327 | ||
| 040 | _cBPK | ||
| 041 | 1 |
_apol _aeng |
|
| 044 | _aLUX | ||
| 080 | _a349 | ||
| 080 | _a331-057.4 | ||
| 920 | _a92-894-9327-5 | ||
| 942 | _cKS | ||
| 008 | 130116s pl a f |000 0 pol | ||
| 999 |
_c53799 _d53799 |
||
| 856 |
_uhttp://koha.tu.koszalin.pl/cgi-bin/koha/opac-detail.pl?biblionumber=53799 _yKatalog online BPK |
||